One dish meals : the easy way
| Format: | Book |
|---|---|
| Published: |
New York :
The Reader's Digest Assoc. ,
1991
|
| Subjects: |
MARC
| LEADER | 00000cam a2200000 7i4500 | ||
|---|---|---|---|
| 001 | 0000002064 | ||
| 002 | 000002255 | ||
| 005 | 20000330.0 | ||
| 020 | |a 0895773899 | ||
| 090 | 0 | 0 | |a 641.821 |b ONE |
| 245 | 0 | 0 | |a One dish meals : |b the easy way |
| 260 | |a New York : |b The Reader's Digest Assoc. , |c 1991 | ||
| 300 | |a 352p. | ||
| 650 | 0 | 0 | |a Casserole cookery |
| 999 | |a 028177 |b BUKU |c RUJUKAN |e PERPUSTAKAAN KOMUNITI PETALING JAYA | ||